Исполни свой гражданский долг перед Родиной - все как один подпишемся на государственный военный заем 1942 года! (Запись № 13532683)

Подробности
000 -МАРКЕР
контрольное поле 02935nkm0a2200469 4500
001 - ИДЕНТИФИКАТОР ЗАПИСИ
контрольное поле RU\NLR\BIBL_A\022611953
005 - ИДЕНТИФИКАТОР ВЕРСИИ
контрольное поле 20260408143026.0
035 ## - ДРУГИЕ СИСТЕМНЫЕ НОМЕРА
Идентификатор записи (NLR Aleph) 022611953
100 ## - ДАННЫЕ ОБЩЕЙ ОБРАБОТКИ
Данные общей обработки 20250828d1942 u y0rusy50 ca
101 0# - ЯЗЫК РЕСУРСА
Язык текста, звукозаписи и т.д. русский
-- узбекский
102 ## - СТРАНА ПУБЛИКАЦИИ ИЛИ ПРОИЗВОДСТВА
Страна публикации российская федерация
116 ## - ПОЛЕ КОДИРОВАННЫХ ДАННЫХ: ИЗОБРАЗИТЕЛЬНЫЕ МАТЕРИАЛЫ
Кодированные данные для изобразительных материалов. iiycxx bf ad
135 ## - ПОЛЕ КОДИРОВАННЫХ ДАННЫХ: ЭЛЕКТРОННЫЕ РЕСУРСЫ
Кодированные данные для электронного ресурса crcn 024anaba
181 #0 - ПОЛЕ КОДИРОВАННЫХ ДАННЫХ: ВИД СОДЕРЖАНИЯ
Код вида содержания (ISBD) b4
Код характеристики содержания (ISBD) xb2e
182 #0 - ПОЛЕ КОДИРОВАННЫХ ДАННЫХ: ТИП СРЕДСТВА
Код типа средства (ISBD) n - непосредственное
200 1# - ЗАГЛАВИЕ И СВЕДЕНИЯ ОБ ОТВЕТСТВЕННОСТИ
Основное заглавие Исполни свой гражданский долг перед Родиной - все как один подпишемся на государственный военный заем 1942 года!
Параллельное заглавие Ватан олдидаги гражданлик бурчимизни бажарайлик - хаммамиз бир жон-бир тан булиб, 1942 йилги давлат харбий заемига ёздилайлик!
Сведения, относящиеся к заглавию [плакат]
Первые сведения об ответственности художник Рейх
Последующие сведения об ответственности редакторы Комков
203 ## - ВИД СОДЕРЖАНИЯ И ТИП СРЕДСТВА
Вид содержания Изображение
Дополнительные сведения об издании неподвижное
-- двухмерное
-- визуальное
Тип средства непосредственное
210 ## - ПУБЛИКАЦИЯ, РАСПРОСТРАНЕНИЕ И ДР.
Место издания, распространения и т.д. [Ташкент
Имя издателя, распространителя и т. д. б. и.]
Дата издания, распространения и т.д. 1942
Место изготовления Ташкент
Имя изготовителя Типолитография № 2
215 ## - ФИЗИЧЕСКАЯ ХАРАКТЕРИСТИКА
Специфическое обозначение материала и объем 1 л.
Другие сведения о физической характеристике хромолитогр.
Размеры 42,6х71,5
300 ## - ОБЩИЕ ПРИМЕЧАНИЯ
Текст примечания На изобр. справа внизу факс. подпись художниа и дата: "Рейх 1942"
300 ## - ОБЩИЕ ПРИМЕЧАНИЯ
Текст примечания В вып. данных: Р7071; Заказ № 107
325 ## - ПРИМЕЧАНИЕ О КОПИИ
Текст примечания Копия доступна в Электрон. б-ке РНБ
510 1# - ПАРАЛЛЕЛЬНОЕ ЗАГЛАВИЕ
Параллельное заглавие Ватан олдидаги гражданлик бурчимизни бажарайлик - хаммамиз бир жон-бир тан булиб, 1942 йилги давлат харбий заемига ёздилайлик!
Язык заглавия узбекский
606 1# - НАИМЕНОВАНИЕ ТЕМЫ КАК ПРЕДМЕТ
Наименование темы Плакат русский советский
Хронологический подзаголовок 1941 - 1945
Системный номер авторитетной/нормативной записи 2387198
Идентификатор авторитетной/нормативной записи RU\NLR\AUTH\661423877
606 1# - НАИМЕНОВАНИЕ ТЕМЫ КАК ПРЕДМЕТ
Наименование темы Великая Отечественная война
Формальный подзаголовок Плакаты
Тематический подзаголовок Единство фронта и тыла
Хронологический подзаголовок 1941 - 1945
Системный номер авторитетной/нормативной записи 1227401
Идентификатор авторитетной/нормативной записи RU\NLR\AUTH\66182026
606 1# - НАИМЕНОВАНИЕ ТЕМЫ КАК ПРЕДМЕТ
Наименование темы Государственный военный заем
Формальный подзаголовок Плакаты
Хронологический подзаголовок 1942
Системный номер авторитетной/нормативной записи 1476345
Идентификатор авторитетной/нормативной записи RU\NLR\AUTH\66318793
686 ## - ИНДЕКСЫ ДРУГИХ КЛАССИФИКАЦИЙ
Индекс Щ153(2Р=Рус)7-466
700 #1 - ИМЯ ЛИЦА - ПЕРВИЧНАЯ ОТВЕТСТВЕННОСТЬ
Начальный элемент ввода Рейх
Часть имени, кроме начального элемента ввода М. В.
Даты 1904-1966
Расширение инициалов личного имени Михаил Вольдемарович
Код отношения Карикатурист, Художник
712 02 - НАИМЕНОВАНИЕ ОРГАНИЗАЦИИ - ВТОРИЧНАЯ ОТВЕТСТВЕННОСТЬ
Код отношения Печатник (типограф)
Начальный элемент ввода Узполиграфтрест
Идентифицирующий признак Ташкент
Структурное подразделение Типолитография
Идентифицирующий признак 2
Идентификатор авторитетной/нормативной записи RU\NLR\AUTH\880631712
Системный номер авторитетной/нормативной записи 2678899
852 00 - МЕСТОНАХОЖДЕНИЕ И ШИФР ХРАНЕНИЯ
Идентификатор организации NLR
Наименование фонда или коллекции (Sub-Location Identifier) Э
Шифр хранения (Call Number) ПлИр995/6-10
Идентификатор единицы Э029201
856 #0 - МЕСТОНАХОЖДЕНИЕ ЭЛЕКТРОННЫХ РЕСУРОВ И ДОСТУП К НИМ
Универсальный идентификатор ресурса (Uniform Resource Identifier) https://vivaldi.nlr.ru/la000070759/view
856 #1 - МЕСТОНАХОЖДЕНИЕ ЭЛЕКТРОННЫХ РЕСУРОВ И ДОСТУП К НИМ
Универсальный идентификатор ресурса (Uniform Resource Identifier) https://vivaldi.nlr.ru/la000070759/cover
856 #2 - МЕСТОНАХОЖДЕНИЕ ЭЛЕКТРОННЫХ РЕСУРОВ И ДОСТУП К НИМ
Универсальный идентификатор ресурса (Uniform Resource Identifier) https://vivaldi.nlr.ru/la000070759/text
942 ## - ДОПОЛНИТЕЛЬНЫЕ ЭЛЕМЕНТЫ ЗАПИСИ (АБИС)
Тип экземпляра АБИС Визуальный материал
980 ## - КОЛЛЕКЦИЯ
Название коллекции Национальная библиография
981 17 - КОЛЛЕКЦИЯ ЭЛЕКТРОННОЙ БИБЛИОТЕКИ
Название коллекции Изографические материалы
Название подколлекции Плакаты

Нет доступных экземпляров.